000 00574nam a2200205 a 4500
001 BRCA_2880
005 20190320204019.0
008 111208s1869----fr-a---###---#000-0#fre-u
050 4 _aF1230
_b.L43 1869
100 1 _aLebrun, Henri
_98034
245 1 0 _aAventures conquetes de Fernand Cortez au Mexique
_cpar Henri Lebrun.
250 _a3
260 _aTours, Francia
_bA. Mame
_c1869
300 _a287 p.
_bil., 3 láminas
_c18 cm.
500 _aB21
600 1 4 _aCortez, Hernando
_d1485-1547
_98035
651 4 _aMéxico
_xHistoria
_9614
902 _aGFM
942 _2lcc
_cB
999 _c2619
_d2619